| 000 | 00539nam a2200205Ia 4500 | ||
|---|---|---|---|
| 005 | 20250508164959.0 | ||
| 008 | 008 250505s9999 xx 000 0 eng d | ||
| 020 | _a81-7483-112-6 | ||
| 037 | _aTextBook | ||
| 040 |
_aFEDL _beng _cFEDL |
||
| 041 |
_aeng _2eng |
||
| 084 |
_a954.035, GAN/R _qFEDL |
||
| 100 | _aGandhi Mahatma | ||
| 245 | 0 | _aHind swaraj (English) | |
| 260 |
_aDelhi, India _bRajpal and Sons _c2010 |
||
| 300 | _a84p. | ||
| 365 |
_aINR _b60 |
||
| 942 |
_cTB _h954.035, GAN/R |
||
| 999 |
_c1392462 _d1392462 |
||